Kobenhavnernes indkomster 1980-1983

Salvato in:
Dettagli Bibliografici
Natura: Libro
Lingua:danese
Pubblicazione: Kobenhavn Statistiske kontor 1985
Edizione:1. ed.
Serie:Undersogelse Nr.23
Tags: Aggiungi Tag
Nessun Tag, puoi essere il primo ad aggiungerne!!

MARC

LEADER 00000nam a2200000 4500
001 c028401
005 20260119073542.7
041 0 |a dan 
044 |a DK 
245 1 0 |a Kobenhavnernes indkomster 1980-1983 
250 |a 1. ed. 
264 1 |a Kobenhavn  |b Statistiske kontor  |c 1985 
300 |a 98 s. 
490 1 |a Undersogelse  |v Nr.23 
830 0 |a Undersogelse  |v Nr.23